00269nam a22001097a 4500082001300000100001500013245002300028260003500051300002800086526003700114650000800151 a510bSUV aSuvorov, I aHigher mathematics aPeace PublishersbMockbac1963 a317 p, :bill, :c10 Cm a0b0c0d510_000000000000000_SUV aMCE